[Event "Chillan op"]
[Site "Chillan"]
[Date "2017.08.12"]
[Round "1.1"]
[White "Saldias Quezada, Victor"]
[Black "Aviles Aviles, Pablo Javier"]
[Result "0-1"]
[WhiteElo "1514"]
[BlackElo "2071"]
[PlyCount "51"]
[EventDate "2017.08.12"]
[EventType "swiss"]
[EventRounds "6"]
[EventCountry "CHI"]
[SourceTitle "EXT 2024"]
[Source "ChessBase"]
[SourceDate "2023.10.10"]
[SourceVersion "1"]
[SourceVersionDate "2023.10.10"]
[SourceQuality "1"]

1. d4 Nf6 2. c4 g6 3. Nf3 Bg7 4. Nc3 0-0 5. e4 d6 6. Be2 a5 7. 0-0 Na6 8. Be3 c5 9. dxc5 Nxc5 10. e5 Ng4 11. exd6 Nxe3 12. fxe3 exd6 13. Nd4 Re8 14. Nd5 Qg5 15. Nf3 Qd8 16. Nd4 Qg5 17. Nf3 Qd8 18. Nd4 Bd7 19. Rb1 a4 20. b4 axb3 21. axb3 Ra2 22. Nb4 Ra8 23. Nd5 Be5 24. Bf3 Qg5 25. b4 Na4 26. Ra1 0-1